Management information system : (Record no. 6871)
[ view plain ]
| 000 -LEADER | |
|---|---|
| fixed length control field | 00619nam a2200181 4500 |
| 020 ## - INTERNATIONAL STANDARD BOOK NUMBER | |
| ISBN | 0706996437 |
| 050 ## - CALL NUMBER | |
| Classification number | T58.6 |
| Item number | .B22 |
| 100 ## - AUTHOR | |
| Personal name | Banerjee, Utpal K |
| 245 ## - TITLE | |
| Title | Management information system : |
| Remainder of title | a new framework |
| Statement of responsibility, etc | Utpal K Banerjee; R K Sachdeva |
| 250 ## - EDITION | |
| Edition statement | 2nd rev. ed |
| 260 ## - PUBLICATION INFORMATION | |
| Place of publication | New Delhi : |
| Name of publisher | Vikas, |
| Year of publication | 1995 |
| 300 ## - DESCRIPTION | |
| Number of Pages | x, 250 pages : |
| Other physical details | illustrations ; |
| Dimensions | 22 cm |
| 500 ## - NOTES | |
| General note | Includes index |
| 505 ## - FORMATTED CONTENTS NOTE | |
| Table of Content | Part I. MIS Framework<br/>Part II. Computer Concepts<br/>Part III. MIS Methodologies<br/>Part IV. Case Studies |
| 650 ## - SUBJECTS | |
| Topical Term | Management information systems. |
| 700 ## - OTHER AUTHORS | |
| Personal name | Sachdeva, R K |
| 942 ## - ADDED ENTRY ELEMENTS (KOHA) | |
| Koha item type | Books |
| Withdrawn status | Lost status | Home library | Current library | Shelving location | Date acquired | Full call number | Accession Number | Koha item type | Collection code |
|---|---|---|---|---|---|---|---|---|---|
| Methodist University Library Main | Methodist University Library Main | General Stacks | T58.6 .B22 | 15412 | Books | ||||
| Methodist University Library Main | Methodist University Library Main | General Stacks | T58.6 .B22 | 14893 | Books | Reference |